000 00361nam a2200169Ia 4500
003 IT-RoPAU
008 120407s9999 xx 000 0 und d
040 _aIT-RoPAU
040 _cIT-RoPAU
100 _aCharles Journet
245 _aL'Assunzione della Vergine
250 _aFirenze
260 _aFiorentina
300 _c cm
490 _v1
942 _cBK
999 _c6228
_d6228